| 000 | 00000nam 2200000za 4500 |
| 001 | 9.850962 |
| 003 | CaOODSP |
| 005 | 20221107154259 |
| 007 | cr ||||||||||| |
| 008 | 180131t20182017oncad ob f000 0 eng d |
| 020 | |a9780660247533 |
| 040 | |aCaOODSP|beng |
| 043 | |an-cn--- |
| 086 | 1 |aM144-268/3-2018E-PDF |
| 245 | 00|aMajor energy retrofit guidelines for commercial and institutional buildings |h[electronic resource] : |bK-12 schools. |
| 260 | |a[Ottawa] : |bNatural Resources Canada, |c[2018], c2017. |
| 300 | |aviii, 76 p. : |bcol. charts, col. ill. |
| 500 | |aIssued also in French under title: Directives sur les réaménagements énergétiques majeurs : bâtiments commerciaux et institutionnels : écoles du préscolaire au secondaire. |
| 504 | |aIncludes bibliographical references. |
| 520 | |a"The K–12 Schools Module complements the proven energy retrofit approach outlined in the Principles Module (M144-268/2016E-PDF). This module, which should be considered as a companion document to the Principles Module, discusses strategies, priorities and opportunities specific to K–12 schools"--P. 1. |
| 693 | 4|aElementary school buildings |
| 693 | 4|aHigh school buildings |
| 693 | 4|aEnergy efficiency |
| 693 | 4|aEnergy conservation |
| 710 | 1 |aCanada. |bNatural Resources Canada. |
| 710 | 1 |aCanada. |bOffice of Energy Efficiency. |
| 775 | 08|tDirectives sur les réaménagements énergétiques majeurs |w(CaOODSP)9.850965 |
| 856 | 40|qPDF|s1.64 MB|uhttps://publications.gc.ca/collections/collection_2018/rncan-nrcan/M144-268-3-2018-eng.pdf |